| 000 | 00612nam a2200181 a 4500 | ||
|---|---|---|---|
| 008 | 120416s1972 ||||||||||||||||| || u | ||
| 020 | _a0408000775 | ||
| 050 | _aVM 770 Pou | ||
| 100 | _aPounder, Cuthbert Coulson | ||
| 245 | 1 | 0 | _aMarine diesel engines |
| 250 | _a5th ed. | ||
| 260 |
_aLondon: _bNewnes-Butterworths _c1972 |
||
| 300 | _axii, 737p. : ill. | ||
| 350 | _a0.00 | ||
| 490 | _aMarine engineering series | ||
| 650 | _aMarine diesel motors | ||
| 995 |
_D0.00 _FCBU-MAIN LIBRARY (Kitwe) _H1 _I16.00 _M1 _UAVAILABLE _ZAnnex Low-Usage Collection |
||
| 999 |
_c50348 _d50348 |
||